Arturo y los terribles gemelos / (Record no. 17561)

MARC details
000 -LEADER
fixed length control field 01094pam a2200325 a 4500
001 - CONTROL NUMBER
control field 41540202
003 - CONTROL NUMBER IDENTIFIER
control field OCoLC
005 - DATE AND TIME OF LATEST TRANSACTION
control field 20170614131548.0
008 - FIXED-LENGTH DATA ELEMENTS--GENERAL INFORMATION
fixed length control field 990514s1999 nyua b 000 1 spa
010 ## - LIBRARY OF CONGRESS CONTROL NUMBER
LC control number 99031982
020 ## - INTERNATIONAL STANDARD BOOK NUMBER
International Standard Book Number 188050765X (pbk.)
020 ## - INTERNATIONAL STANDARD BOOK NUMBER
International Standard Book Number 9781880507650 (pbk.)
040 ## - CATALOGING SOURCE
Original cataloging agency DLC
Transcribing agency DLC
Modifying agency DMP
041 1# - LANGUAGE CODE
Language code of text/sound track or separate title spa
Language code of original eng
042 ## - AUTHENTICATION CODE
Authentication code pcc
-- lcac
050 10 - LIBRARY OF CONGRESS CALL NUMBER
Classification number PZ73
Item number .B6843 1999
082 00 - DEWEY DECIMAL CLASSIFICATION NUMBER
Classification number [E]
Edition number 21
092 ## - LOCALLY ASSIGNED DEWEY CALL NUMBER (OCLC)
Classification number Bro
100 1# - MAIN ENTRY--PERSONAL NAME
Personal name Brown, Marc Tolon.
240 10 - UNIFORM TITLE
Uniform title <a href="Arthur babysits.">Arthur babysits.</a>
Language of a work Spanish.
245 10 - TITLE STATEMENT
Title Arturo y los terribles gemelos /
Statement of responsibility, etc. Marc Brown ; traducido por Esther Sarfatti.
260 ## - PUBLICATION, DISTRIBUTION, ETC. (IMPRINT)
Place of publication, distribution, etc. New York :
Name of publisher, distributor, etc. Lectorum Publications,
Date of publication, distribution, etc. c2000.
300 ## - PHYSICAL DESCRIPTION
Extent 1 v. (unpaged) :
Other physical details col. ill. ;
Dimensions 25 cm.
520 ## - SUMMARY, ETC.
Summary, etc. Arthur's experience babysitting for the terrible Tibble Twins is as challenging as he expected, but he finally gets control by telling them a spooky story.
650 #0 - SUBJECT ADDED ENTRY--TOPICAL TERM
Topical term or geographic name as entry element Aardvark
Form subdivision Juvenile fiction.
650 #0 - SUBJECT ADDED ENTRY--TOPICAL TERM
Topical term or geographic name as entry element Babysitters
Form subdivision Juvenile fiction.
650 #0 - SUBJECT ADDED ENTRY--TOPICAL TERM
Topical term or geographic name as entry element Spanish language materials
Form subdivision Juvenile fiction.
700 1# - ADDED ENTRY--PERSONAL NAME
Personal name Sarfatti, Esther.
942 ## - ADDED ENTRY ELEMENTS (KOHA)
Koha item type Libro/Book
Holdings
Withdrawn status Lost status Source of classification or shelving scheme Damaged status Not for loan Home library Current library Date acquired Total Checkouts Full call number Barcode Date last seen Price effective from Koha item type
    Dewey Decimal Classification     Sevadilla -- Satellite Sevadilla -- Satellite 14/06/2017   [E] 35400848 14/06/2017 14/06/2017 Libro/Book

Powered by Koha